000 nam a22 7a 4500
999 _c7437
_d7437
008 170901b xxu||||| |||| 00| 0 eng d
020 _a9783480224838
100 _aMoh Bilder Von Irene
_93962
245 _aMeine Libstem Marchen
260 _aMalaysia
_bEsslinger Publication
_c2009